00613 2200205 4500001002100000005001500021007000300036008004100039020002200080035002000102082001000122084001600132100003100148245008800179250000600267260003600273300004700309700003400356990001700390INLIS00000000000114820260507094755ta260507 j 0 ind  a978-602-8798-47-1 a0010-0923000133 a2x0.3 a2x0.3 ANN m0 aAnna Fauziah ( Pengarang )1 aMiracles of Quran :bSocial Politics /cAnna Fauziah ; Editor , Helfi Ghulam Faizi a- aJakarta :bPustaka Lebah,c2013 a39 :bilus. ;gambar berwarna ;c28.5 cme-1 aHelfi Ghulam Faizi ( Editor ) a00065/R/2014